| 000 | 00372nam a22001577a 4500 | ||
|---|---|---|---|
| 003 | OSt | ||
| 008 | 230512b |||||||| |||| 00| 0 eng d | ||
| 020 | _a9789332542167 | ||
| 082 | _a621.381 SAB | ||
| 100 | _aSAHDEV,SK | ||
| 245 | _aBasic Electrical Engineering | ||
| 260 |
_aNew Delhi _bPearson _c2022 |
||
| 300 | _a744 | ||
| 650 | _aDecentralization | ||
| 942 |
_2ddc _cREF |
||
| 999 |
_c12044 _d12044 |
||